Statistics for Blow me (One last kiss) - P!nk, lyrics

Click here to take the quiz!

General Stats

  • This quiz has been taken 42 times
    (39 since last reset)
  • The average score is 363 of 478

Answer Stats

Answer% Correct
A
96%
I
96%
In
96%
I’ve
96%
On
96%
To
96%
Too
96%
Blow
92%
Go
92%
Kiss
92%
La
92%
Last
92%
Me
92%
No
92%
One
92%
Think
92%
You
92%
Be
88%
Had
88%
So
88%
The
88%
For
83%
Head
83%
Is
83%
It
83%
My
83%
Of
83%
Shit
83%
Day
79%
From
79%
Got
79%
This
79%
We
79%
White
79%
All
75%
Another
75%
Been
75%
Enough
75%
Finally
75%
Full
75%
Hangin’
75%
Just
75%
Might
75%
Much
75%
Tonight
75%
Us
75%
When
75%
Your
75%
You’re
75%
And
71%
Can’t
71%
I’m
71%
“There
71%
Tight
71%
You’ve
71%
Again
67%
Cryin’
67%
Headache
67%
Knuckles
67%
Maybe
67%
Nothing
67%
Take
67%
Tears
67%
That
67%
They
67%
We’ve
67%
Burn
63%
But
63%
Fire
63%
Get
63%
I’ll
63%
Palms
63%
Serious
63%
Spinning
63%
Sweaty
63%
What
63%
Always
58%
Do
58%
Hold
58%
More
58%
Over
58%
Worse
58%
Alone
54%
Clenched
54%
Did
54%
Dying
54%
Eyes
54%
Let
54%
Mean
54%
There’s
54%
Won’t
54%
Battles
50%
Fighting
50%
Good
50%
Jaw
50%
Knot
50%
Left”
50%
Life’s
50%
Miss
50%
Nice
50%
Rope
50%
Say
50%
Tie
50%
Will
50%
Bliss
46%
‘Cause
46%
Clear
46%
Crystal
46%
Dancing
46%
Dick
46%
Home
46%
Ignorance
46%
Look
46%
Short
46%
Shut
46%
Somebody
46%
Tryin’
46%
Whiskey
46%
You’ll
46%
Back
42%
Dress
42%
Sleep
42%
Want
42%
At
38%
Calling
38%
Longer
38%
Drunk
33%
Laugh
33%
Lies
33%
Pay
33%
Please
33%
Sorry
33%
Trick
33%
Anything
29%
Dear
29%
Sick
29%
Sins
29%
Worry
29%
Why’s
25%
Breathe
21%
Grasp
21%
Ra
17%

Score Distribution

Percentile by Number Answered

Percent of People with Each Score

Your Score History

You have not taken this quiz since the last reset